[Event "Aeroflot Open Rapid KO"]
[Site "Moscow RUS"]
[Date "2013.02.15"]
[Round "1.1"]
[White "Reshetnikov,Al"]
[Black "Le Quang Liem"]
[Result "1/2-1/2"]
[WhiteElo "2508"]
[BlackElo "2705"]

1.b3 d5 2.Bb2 Nf6 3.e3 g6 4.g3 Bg7 5.Bg2 O-O 6.Ne2 c5 7.O-O Nc6 8.d3 e5 9.Nd2 Be6
10.h3 Qd7 11.Kh2 Ne8 12.Rb1 Rd8 13.a3 Nd6 14.Ba1 Nb5 15.Qc1 b6 16.b4 cxb4
17.axb4 d4 18.Nc4 Rc8 19.f4 Rfe8 20.fxe5 Nxe5 21.Nxe5 Bxe5 22.exd4 Nxd4 23.Nxd4 Bxd4
24.Qd2 Rc7 25.b5 Bxa1 26.Bc6 Qc8 27.Rxa1 Bd7 28.Bxd7 Rxc2 29.Bxc8 Rxd2+ 30.Kg1 Rxc8
31.Rxa7 f5 32.Rd7 Rcc2 33.Ra1 Rg2+ 34.Kf1 Rcf2+ 35.Ke1 Re2+ 36.Kf1 Ref2+  1/2-1/2

[Event "Aeroflot Open Rapid KO"]
[Site "Moscow RUS"]
[Date "2013.02.15"]
[Round "2.1"]
[White "Le Quang Liem"]
[Black "Vorobiov,E"]
[Result "1/2-1/2"]
[WhiteElo "2705"]
[BlackElo "2584"]

1.Nf3 d5 2.d4 Nf6 3.c4 dxc4 4.e3 e6 5.Bxc4 c5 6.O-O a6 7.Bb3 Nc6 8.Qe2 cxd4
9.Rd1 Be7 10.exd4 Na5 11.Bc2 b5 12.Nc3 Bb7 13.Bg5 O-O 14.Ne5 Rc8 15.Bxf6 Bxf6
16.Be4 Bxe4 17.Nxe4 Be7 18.g3 Nc4 19.a4 Qd5 20.Nc3 Qb7 21.axb5 axb5 22.Nxc4 bxc4
23.d5 exd5 24.Nxd5 Bc5 25.Rd2 Rfe8 26.Qf3 Qb5 27.Kg2 h6 28.Rc1 Bf8 29.Rdc2 Red8
30.Ne3 Rd3 31.Qe4 Rb3 32.Nxc4 Rb4 33.Na3 Rxc2 34.Rxc2 Qa4 35.Nc4 h5 36.h4 g6
37.Qd3 Rb3 38.Qe2 Bg7 39.Kh2 Bf6 40.Nd6 Qd7 41.Ne4 Be7 42.Nc5 Bxc5 43.Rxc5 Qd4
44.Rc2 Kg7 45.Qd2 Qb6 46.Qf4 Rb4 47.Qe5+ Kh7 48.Kg1 Rb5 49.Qf4 Rf5 50.Qc4 Rf3
51.Kg2 Rf5 52.b4 Qb7+ 53.Kg1 Re5 54.Qc3 Re4 55.Rb2 Qd5 56.Rb1 Re2 57.Qf6 Kg8
58.b5 Qd3 59.Qa1 Qf5 60.Rf1 Qxb5 61.Rb1 Qe5 62.Qxe5  1/2-1/2

[Event "3rd HD Bank Cup 2013"]
[Site "Ho Chi Minh City VIE"]
[Date "2013.03.19"]
[Round "2.1"]
[White "Lu Yijie"]
[Black "Le Quang Liem"]
[Result "0-1"]
[WhiteElo "2400"]
[BlackElo "2709"]

1.e4 c5 2.Nf3 d6 3.d4 cxd4 4.Nxd4 Nf6 5.Nc3 a6 6.Bc4 e6 7.Bb3 b5 8.Bg5 Be7
9.Qf3 Qb6 10.O-O-O Nbd7 11.Rhe1 O-O 12.e5 dxe5 13.Nc6 Bc5 14.Nxe5 Nxe5 15.Qxa8 Nc6
16.Bxf6 gxf6 17.Ne4 Be7 18.Re3 Bb7 19.Rg3+ Kh8 20.Qxf8+ Bxf8 21.Rd7 Ne5 22.Nxf6 Bg7
23.Rd6 Qa5 24.Nh5 Bh6+ 25.Kd1 Qc7 26.Rd4 Ng6 27.Nf6 Qe7 28.Ng4 Bg7 29.Rdd3 f5
30.Rge3 Nf4  0-1

[Event "3rd HD Bank Cup 2013"]
[Site "Ho Chi Minh City VIE"]
[Date "2013.03.20"]
[Round "3.1"]
[White "Le Quang Liem"]
[Black "Wang Chen"]
[Result "1/2-1/2"]
[WhiteElo "2709"]
[BlackElo "2483"]

1.Nf3 d5 2.d4 Nf6 3.c4 e6 4.g3 g6 5.Bg2 Bg7 6.O-O O-O 7.Qc2 Nc6 8.Rd1 a5
9.a3 Qe7 10.Nc3 Rd8 11.Bf4 dxc4 12.e4 Nxd4 13.Nxd4 e5 14.Nf3 exf4 15.e5 Ng4
16.Rxd8+ Qxd8 17.Rd1 Qf8 18.gxf4 Bf5 19.Qa4 Qc5 20.Rd4 c6 21.Qxc4 Qxc4 22.Rxc4 f6
23.h3 Nh6 24.Ne4 fxe5 25.Nxe5 Nf7 26.Nxf7 Bxe4 27.Bxe4 Kxf7 28.Rc2 Re8 29.Bd3 Rd8
30.Be4 Rd4 31.Re2 Bh6 32.f5 Rd2 33.fxg6+ hxg6 34.Rxd2  1/2-1/2

[Event "3rd HD Bank Cup 2013"]
[Site "Ho Chi Minh City VIE"]
[Date "2013.03.21"]
[Round "5.2"]
[White "Le Quang Liem"]
[Black "Zeng,C"]
[Result "1-0"]
[WhiteElo "2709"]
[BlackElo "2490"]

1.Nf3 d5 2.d4 Nf6 3.c4 dxc4 4.e3 e6 5.Bxc4 c5 6.O-O a6 7.Bb3 Be7 8.Nc3 Nc6
9.dxc5 Nd7 10.Ba4 Nxc5 11.Bxc6+ bxc6 12.Qc2 a5 13.Rd1 Qc7 14.b3 O-O 15.Ba3 h6
16.Ne2 Na6 17.Bxe7 Qxe7 18.Qxc6 Bb7 19.Qd7 Qxd7 20.Rxd7 Bd5 21.Nfd4 Rfc8
22.f3 a4 23.e4 Bc6 24.Rd6 Nb4 25.Rb1 Be8 26.Nc1 a3 27.Rb6 Nc2 28.Nce2 Nxd4
29.Nxd4 Rd8 30.Rb4 Rac8 31.e5 Rc3 32.Re1 Rd3 33.Nc2 Rd2 34.Rc4 Bb5 35.Rc3 R8d3
36.Rc8+ Kh7 37.h4 Ba6 38.Rc7 Bb7 39.Nb4 Rd7 40.Rxd7 Rxd7 41.Re2 Kg6 42.Kf2 Rd4
43.Nc2 Rxh4 44.Nxa3 Rd4 45.Nb5 Rd3 46.Nd6 Bd5 47.Rb2 f6 48.b4 fxe5 49.b5 Bxa2
50.b6 Rxd6 51.b7 Rd8 52.Rxa2 Rb8 53.Rb2 e4 54.fxe4 Kf6 55.Ke3 Ke5 56.Rb6 g6
57.Kd3 Kf4 58.Kd4 g5 59.Rb4 h5 60.Kc5 g4 61.Kc6 e5 62.Kc7 Rg8 63.b8=Q Rxb8
64.Rxb8 Kxe4 65.Kd6 h4 66.Rb4+ Kf5 67.Kd5 Kg5 68.Kxe5 h3 69.g3  1-0

[Event "3rd HD Bank Cup 2013"]
[Site "Ho Chi Minh City VIE"]
[Date "2013.03.23"]
[Round "7.1"]
[White "Le Quang Liem"]
[Black "Zhou Jianchao"]
[Result "1-0"]
[WhiteElo "2709"]
[BlackElo "2595"]

1.d4 Nf6 2.c4 e6 3.Nf3 Bb4+ 4.Nbd2 b6 5.a3 Bxd2+ 6.Qxd2 a5 7.b3 Ba6 8.e3 d5
9.a4 Nbd7 10.Bd3 O-O 11.O-O c5 12.Ba3 dxc4 13.bxc4 Bb7 14.Qe2 Re8 15.Rfd1 Qc7
16.Bb2 Rad8 17.h3 cxd4 18.exd4 Bc6 19.Qe3 Qb7 20.Bf1 Bxf3 21.Qxf3 Qxf3 22.gxf3 Rc8
23.Rab1 Red8 24.Ba3 g6 25.Be7 Re8 26.Bxf6 Nxf6 27.Rxb6 Red8 28.Rb5 Ra8 29.Kh2 Ra7
30.d5 exd5 31.cxd5 Ne8 32.Rc1 Nc7 33.Rbc5 Nxd5 34.Rd1 Rad7 35.Bb5 Rd6 36.Rc6 R6d7
37.Rc2  1-0

[Event "3rd HD Bank Cup 2013"]
[Site "Ho Chi Minh City VIE"]
[Date "2013.03.24"]
[Round "9.1"]
[White "Le Quang Liem"]
[Black "Berkes,F"]
[Result "1/2-1/2"]
[WhiteElo "2709"]
[BlackElo "2702"]

1.d4 Nf6 2.c4 e6 3.Nf3 d5 4.Nc3 c5 5.e3 cxd4 6.exd4 Bb4 7.Bd3 dxc4 8.Bxc4 O-O
9.O-O b6 10.Bg5 Bb7 11.Rc1 Nc6 12.a3 Be7 13.Ba2 Rc8 14.Qd3 Nd5 15.h4 Nxc3
16.Rxc3 Nb8 17.Rxc8 Bxc8 18.Rd1 Bb7 19.d5 exd5 20.Bxd5 Bxd5 21.Qxd5 Qxd5
22.Rxd5 f6 23.Bf4 Nc6 24.Rd7 Rd8 25.Rb7 Bc5 26.g3 a5 27.Kg2 Re8 28.Kf1 Re7
29.Rxe7 Nxe7 30.a4 Kf7 31.Ke2 Nd5  1/2-1/2

[Event "Asian Continental 2013"]
[Site "Manila PHI"]
[Date "2013.05.18"]
[Round "1.1"]
[White "Tran Tuan Minh"]
[Black "Le Quang Liem"]
[Result "0-1"]
[WhiteElo "2399"]
[BlackElo "2714"]

1.d4 Nf6 2.Nf3 g6 3.c4 Bg7 4.Nc3 d5 5.g3 dxc4 6.Qa4+ Nfd7 7.Bf4 O-O 8.Qxc4 Na6
9.Bg2 Nb6 10.Qd3 c5 11.O-O-O cxd4 12.Be5 Bh6+ 13.Bf4 Bg7 14.Be5 Bxe5 15.Nxe5 f6
16.Nxg6 Nc5 17.Qc2 Rf7 18.Nh4 e5 19.Kb1 Be6 20.Nf5 Rd7 21.Ne4 Nxe4 22.Qxe4 Na4
23.Rd2 Qa5  0-1

[Event "Asian Continental 2013"]
[Site "Manila PHI"]
[Date "2013.05.20"]
[Round "3.1"]
[White "Gomez,Joh"]
[Black "Le Quang Liem"]
[Result "1/2-1/2"]
[WhiteElo "2511"]
[BlackElo "2714"]

1.d4 Nf6 2.c4 g6 3.Nc3 d5 4.cxd5 Nxd5 5.Bd2 Nb6 6.Nf3 Bg7 7.Rc1 O-O 8.Bg5 Be6
9.e3 c5 10.dxc5 Nd5 11.Nxd5 Bxd5 12.Bxe7 Qxe7 13.Qxd5 Bxb2 14.Rc2 Bf6 15.Bb5 Rd8
16.Qb3 Rc8 17.O-O Rxc5 18.Rxc5 Qxc5 19.Bc4 Qe7 20.Bd5 Nc6 21.Rb1 Rd8 22.g3 Kg7
23.Kg2 Rd7 24.Bxc6 bxc6 25.Qc4 Rb7 26.Rb3 Rxb3 27.axb3 Qd6 28.Ne1 Be7 29.Nd3 Qb8
30.f4 Bf6 31.Nb4 Qb6 32.Kf3 c5 33.Nd3 Qb7+ 34.e4 Be7 35.Qd5 Qa6 36.Ne5 Qf1+
37.Ke3 Qe1+ 38.Kd3 Qd1+ 39.Kc4 Qe2+ 40.Kc3 Qe1+ 41.Kc2 Qe2+ 42.Kc3 Qe1+ 43.Kc2 Qe2+
44.Kb1 Qe1+ 45.Kb2 Qe2+ 46.Kc3  1/2-1/2

[Event "Asian Continental 2013"]
[Site "Manila PHI"]
[Date "2013.05.21"]
[Round "4.2"]
[White "Le Quang Liem"]
[Black "Laylo,D"]
[Result "1-0"]
[WhiteElo "2714"]
[BlackElo "2504"]

1.c4 Nf6 2.Nf3 g6 3.Nc3 d5 4.cxd5 Nxd5 5.Qb3 Nf6 6.d4 Bg7 7.e4 Bg4 8.Bb5+ c6
9.Ng5 O-O 10.Be2 Bc8 11.h4 h6 12.Nf3 Bg4 13.Be3 Nbd7 14.a4 a5 15.Rd1 Qc7
16.O-O Nb8 17.e5 e6 18.Qc2 Nfd7  1-0

[Event "Asian Continental 2013"]
[Site "Manila PHI"]
[Date "2013.05.22"]
[Round "5.2"]
[White "Le Quang Liem"]
[Black "Lalith,B"]
[Result "1/2-1/2"]
[WhiteElo "2714"]
[BlackElo "2572"]

1.d4 Nf6 2.c4 e6 3.Nf3 b6 4.g3 Bb4+ 5.Bd2 Bxd2+ 6.Qxd2 Bb7 7.Bg2 O-O 8.O-O d6
9.Qc2 Be4 10.Qb3 c5 11.Nc3 Bb7 12.d5 exd5 13.cxd5 Re8 14.Nd2 Na6 15.Rfe1 Nc7
16.e4 Rb8 17.a4 Ba6 18.Nb5 Qd7 19.Bf1 Re7 20.f3 h6 21.Re3 Rd8 22.Rae1 Bxb5
23.axb5 Qe8 24.Kf2 g5 25.Ra1 g4 26.Qc3 Nh7 27.Rxa7 gxf3 28.Nxf3 Qf8 29.Ra1 Ng5
30.Nxg5 hxg5 31.Qf6 Re5 32.h4 Rde8 33.Rf3 Qe7 34.hxg5 Rxg5 35.Bd3 Rg6 36.Qf4 Rf8
37.Rh1 Qg5 38.Be2 Kg7 39.Qf5 Qxf5 40.exf5 Rh6 41.Rxh6 Kxh6 42.f6 Kg5 43.Bd3 Ne8
44.Rf5+ Kg6 45.Rf4+ Kg5 46.Rf5+ Kg6 47.Rf4+  1/2-1/2

[Event "Asian Continental 2013"]
[Site "Manila PHI"]
[Date "2013.05.23"]
[Round "6.1"]
[White "Paragua,M"]
[Black "Le Quang Liem"]
[Result "1/2-1/2"]
[WhiteElo "2550"]
[BlackElo "2714"]

1.e4 c5 2.Nf3 d6 3.d4 cxd4 4.Nxd4 Nf6 5.Nc3 a6 6.h3 e5 7.Nde2 h5 8.Bg5 Be6
9.Bxf6 Qxf6 10.Nd5 Qd8 11.Nec3 g6 12.Bc4 Bh6 13.O-O O-O 14.Bb3 Nc6 15.Qd3 Rc8
16.Rad1 Nd4 17.Ne2 Nxb3 18.Qxb3 Kg7 19.f4 Bxf4 20.Nexf4 exf4 21.Qxb7 Rxc2
22.Nxf4 Bxa2 23.Qxa6 Bc4 24.Qa7 Qe8 25.Qd4+ Qe5 26.Rf2 Rxf2 27.Kxf2 Rb8 28.Nxh5+ gxh5
29.Qxc4  1/2-1/2

[Event "Asian Continental 2013"]
[Site "Manila PHI"]
[Date "2013.05.26"]
[Round "9.2"]
[White "Barbosa,O PHI"]
[Black "Le Quang Liem"]
[Result "1/2-1/2"]
[WhiteElo "2566"]
[BlackElo "2714"]

1.d4 Nf6 2.c4 e6 3.Nf3 d5 4.Nc3 c6 5.cxd5 exd5 6.Bg5 Qb6 7.Qc2 Na6 8.Bxf6 gxf6
9.Rc1 Bg4 10.e3 Bh5 11.a3 Bg6 12.Qd2 Nc7 13.Na4 Qb3 14.Nc5 Qb6 15.Na4 Qb3
16.Nc5 Qb6 17.Na4  1/2-1/2

[Event "FIDE World Blitz 2013"]
[Site "Khanty-Mansiysk RUS"]
[Date "2013.06.09"]
[Round "3.1"]
[White "Le Quang Liem"]
[Black "Tkachiev,V"]
[Result "1-0"]
[WhiteElo "2712"]
[BlackElo "2649"]

1.c4 Nf6 2.Nc3 e5 3.Nf3 Nc6 4.g3 Bb4 5.Bg2 O-O 6.O-O Re8 7.d3 h6 8.Bd2 Bxc3
9.Bxc3 d5 10.cxd5 Nxd5 11.Rc1 a5 12.Qa4 Nb6 13.Qc2 a4 14.Rfd1 Bf5 15.h3 Qd6
16.e4 Be6 17.Qb1 Qe7 18.d4 exd4 19.Nxd4 Nxd4 20.Bxd4 Nc4 21.b3 axb3 22.axb3 Nd6
23.Qb2 f6 24.e5 fxe5 25.Bxe5 Rad8 26.Rd3 c6 27.Rcd1 Nf5 28.Rxd8 Rxd8 29.Rxd8+ Qxd8
30.g4 Nh4 31.Bxg7 Nxg2 32.Bxh6 Qd1+ 33.Kh2 Qd6+ 34.Kg1 Qd1+ 35.Kxg2 Bd5+
36.Kh2 Qh1+ 37.Kg3 Qf3+ 38.Kh4 Kf7 39.b4 Ke6 40.Qd4 Qf7 41.Qf4 Qe7+ 42.Bg5 Qh7+
43.Kg3 Qd3+ 44.Qe3+ Qxe3+ 45.Bxe3  1-0

[Event "FIDE World Blitz 2013"]
[Site "Khanty-Mansiysk RUS"]
[Date "2013.06.09"]
[Round "4.1"]
[White "Tkachiev,V"]
[Black "Le Quang Liem"]
[Result "1/2-1/2"]
[WhiteElo "2649"]
[BlackElo "2712"]

1.Nf3 Nf6 2.g3 g6 3.c4 c6 4.b3 d5 5.Bb2 Bg7 6.Bg2 O-O 7.O-O Bg4 8.d3 Bxf3
9.Bxf3 e6 10.Nd2 a5 11.a3 Na6 12.Qc2 Re8 13.Bg2 d4 14.b4 axb4 15.axb4 Nxb4
16.Qb3 Rxa1 17.Rxa1 Bf8 18.Nf3 e5 19.Nd2 Qc7 20.Ra7 Rb8 21.Ba3 Na6 22.Bxf8 Kxf8
23.Qa3+ Qe7 24.Qxe7+ Kxe7 25.Bxc6 Nc5 26.Bf3 Kd6 27.g4 h6 28.h4 Nfd7 29.Kg2 f5
30.h5 fxg4 31.Bxg4 Nf6 32.Bf3 Nxh5 33.Bxh5 gxh5 34.Ra1 Rg8+ 35.Kf3 Rf8+ 36.Kg2 Rg8+
37.Kf3 Rf8+ 38.Kg2 Rg8+ 39.Kf3  1/2-1/2

[Event "FIDE World Blitz 2013"]
[Site "Khanty-Mansiysk RUS"]
[Date "2013.06.09"]
[Round "5.1"]
[White "Khismatullin,D"]
[Black "Le Quang Liem"]
[Result "0-1"]
[WhiteElo "2658"]
[BlackElo "2712"]

1.Nf3 Nf6 2.c4 c5 3.b3 d5 4.cxd5 Nxd5 5.Bb2 Nc6 6.a3 f6 7.e3 e5 8.Qc2 Be6
9.Be2 Rc8 10.O-O Be7 11.d3 O-O 12.Nbd2 Kh8 13.Rac1 Qd7 14.Rfe1 Rfd8 15.Qb1 Bg8
16.Ne4 Na5 17.Ba1 b5 18.Nxc5 Bxc5 19.b4 Nb3 20.bxc5 Nxc1 21.Rxc1 a5 22.d4 b4
23.axb4 axb4 24.dxe5 Nc3 25.Bxc3 bxc3 26.exf6 Rxc5 27.Qb4 Rdc8 28.fxg7+ Qxg7
29.Nd4 Bd5 30.g3 Qe5 31.Bd3 Be4 32.Be2 c2 33.Qb6 Rb8 34.Qh6 Bg6 35.h4 Qg7
36.Qf4 Rb1 37.Kh2 Rxc1 38.Ne6 Rh1+ 39.Kxh1 c1=Q+ 40.Kh2 Rf5 41.Qb8+ Qg8  0-1

[Event "FIDE World Blitz 2013"]
[Site "Khanty-Mansiysk RUS"]
[Date "2013.06.09"]
[Round "6.1"]
[White "Le Quang Liem"]
[Black "Khismatullin,D"]
[Result "1-0"]
[WhiteElo "2712"]
[BlackElo "2658"]

1.Nf3 c5 2.c4 Nc6 3.d4 cxd4 4.Nxd4 Nf6 5.Nc3 e6 6.a3 Bc5 7.Nb3 Be7 8.e4 O-O
9.Be2 b6 10.Bf4 d6 11.O-O Bb7 12.Bg3 Ne5 13.Nd2 Rc8 14.Rc1 Ng6 15.Kh1 d5
16.e5 Ne4 17.Ndxe4 dxe4 18.Qc2 Bh4 19.Rfd1 Qe7 20.Nxe4 Bxg3 21.hxg3 Nxe5
22.Nd6 Rc7 23.Nxb7 Rxb7 24.Qe4 Ng6 25.b4 Rc7 26.Qe3 Rfc8 27.Rc3 h6 28.Kg1 Qf6
29.c5 Ne7 30.Bf3 Nf5 31.Qc1 Nd4 32.Qe3 Nf5 33.Qc1 Nd4 34.Qe3 Nf5 35.Qc1 e5
36.Bg4 Nd4 37.Re1 Rd8 38.cxb6 Rxc3 39.Qxc3 axb6 40.Qc7 Rd6 41.a4 g6 42.a5 bxa5
43.bxa5 h5 44.Bd1 Kg7 45.Ba4 Rd5 46.Qb6 Rd6 47.Qc5 e4 48.Rxe4 Nf5 49.Qe5 Ra6
50.Bb3 Nd6 51.Qxf6+ Kxf6 52.Ra4 Ke5 53.Kh2 g5 54.f4+ Kf6 55.Bd5 gxf4 56.gxf4 Kf5
57.Kg3 Kf6 58.Kf3 Ke7 59.Ke3 Kd7 60.Kd4 Kc7 61.Kc5 f6 62.Ra3 Ra7 63.a6 Nf5
64.Bc4 Nd6 65.Bd3 Nc8 66.Kd5 Kd7 67.Bf5+  1-0

[Event "FIDE World Blitz 2013"]
[Site "Khanty-Mansiysk RUS"]
[Date "2013.06.09"]
[Round "7.1"]
[White "Le Quang Liem"]
[Black "Moiseenko,A1"]
[Result "1/2-1/2"]
[WhiteElo "2712"]
[BlackElo "2711"]

1.Nf3 Nf6 2.c4 e6 3.g3 d5 4.Bg2 d4 5.O-O c5 6.d3 Nc6 7.e3 Bd6 8.exd4 cxd4
9.Bg5 h6 10.Bxf6 Qxf6 11.Nbd2 Qe7 12.a3 a5 13.Re1 O-O 14.Nb3 Qf6 15.Qc2 e5
16.Nfd2 Qg6 17.c5 Bc7 18.Nc4 Bf5 19.Be4 Bxe4 20.dxe4 Rad8 21.Rad1 f5 22.exf5 Rxf5
23.Qe4 Rdf8 24.Re2 Qf7 25.Qc2 a4 26.Nc1 e4 27.Rxe4 Rxf2 28.Qd3 Rf3 29.Qe2 d3
30.Nxd3 Bxg3 31.hxg3 Rxg3+ 32.Kh2 Rf3 33.Rh4 Nd4 34.Qg2 Qxc4 35.Ne5 Qe6 36.Ng4 Nf5
37.Qxf3 Nxh4 38.Qd5 Qxd5 39.Rxd5 Rf3 40.Rd8+ Kh7 41.Rd4 Rb3 42.Rb4 Nf3+ 43.Kg2 Nd2
44.Ne5 h5 45.Kf2 h4 46.Rxh4+ Kg8 47.Rb4 g5 48.Ke2 Rxb4 49.axb4 Nb3 50.Kf3 Nd4+
51.Kg4 Nb5 52.Kxg5 Kf8 53.Kf5 Ke7 54.Nc4 Kd7 55.Nb6+ Kc6 56.Nxa4 Nd4+ 57.Ke4 Nc2
58.Kd3 Nxb4+ 59.Kc4 Nd5 60.Kd4 Nc7 61.Kc4 Nd5 62.b3 Ne3+ 63.Kd3 Nd5 64.Kd4 Nf4
65.Kc4 Ng6 66.b4 Ne5+ 67.Kd4 Nf3+ 68.Kc4 Ne5+ 69.Kb3 Nd7 70.Kc4 Ne5+ 71.Kc3 Kb5
72.Kb3 Nd7 73.Nc3+ Kc6 74.Kc4 Ne5+ 75.Kd4 Nf3+ 76.Ke4 Ng5+ 77.Kd4 Nf3+ 78.Ke3 Ng5
79.Kd4  1/2-1/2

[Event "FIDE World Blitz 2013"]
[Site "Khanty-Mansiysk RUS"]
[Date "2013.06.09"]
[Round "8.1"]
[White "Moiseenko,A1"]
[Black "Le Quang Liem"]
[Result "1/2-1/2"]
[WhiteElo "2711"]
[BlackElo "2712"]

1.d4 Nf6 2.c4 g6 3.Nc3 d5 4.Bg5 Bg7 5.Bxf6 Bxf6 6.cxd5 c5 7.dxc6 Bxd4 8.cxb7 Bxb7
9.Nf3 Bxc3+ 10.bxc3 Qa5 11.Rb1 Bc6 12.e3 O-O 13.Be2 Qxc3+ 14.Qd2 Qxd2+ 15.Kxd2 Rd8+
16.Kc3 Nd7 17.Kb2 Nc5 18.Ka1 Ne4 19.Rhc1 Bd5 20.Rc7 Nxf2 21.Rxe7 Re8 22.Rxe8+ Rxe8
23.Rb5 Rxe3 24.Rxd5 Rxe2 25.Rd8+ Kg7 26.Rd7 Ne4 27.Rxa7 Rxg2 28.h4 Kf6 29.Ra6+ Kf5
30.Ra7 Kf6 31.Ra6+ Kg7 32.Ra7 Rf2 33.Ne5 h6 34.Rc7 g5 35.hxg5 hxg5 36.a4 Rf5
37.Ng4 Kg6 38.Rc6+ f6 39.Kb2 Nc5 40.a5 Nd3+ 41.Kc3 Ne5 42.Nxe5+ Rxe5 43.Kb4 Re1
44.Rc3 g4 45.a6 Re7 46.Ra3 Ra7 47.Kc5 f5 48.Kd4 Kg5 49.Ke3 f4+ 50.Kf2 Kh4
51.Ra4 f3 52.Ra5 g3+ 53.Kxf3 g2 54.Kxg2 Kg4  1/2-1/2

[Event "FIDE World Blitz 2013"]
[Site "Khanty-Mansiysk RUS"]
[Date "2013.06.09"]
[Round "9.1"]
[White "Nguyen Ngoc Truong Son"]
[Black "Le Quang Liem"]
[Result "1/2-1/2"]
[WhiteElo "2625"]
[BlackElo "2712"]

1.d4 Nf6 2.c4 e6 3.Nc3 Bb4 4.e3 O-O 5.Ne2 d5 6.a3 Bd6 7.Ng3 c6 8.Bd3 Re8
9.O-O e5 10.cxd5 cxd5 11.e4 dxe4 12.Ncxe4 Nxe4 13.Bxe4 exd4  1/2-1/2

[Event "FIDE World Blitz 2013"]
[Site "Khanty-Mansiysk RUS"]
[Date "2013.06.09"]
[Round "10.1"]
[White "Le Quang Liem"]
[Black "Nguyen Ngoc Truong Son"]
[Result "1/2-1/2"]
[WhiteElo "2712"]
[BlackElo "2625"]

1.d4 d5 2.c4 c6 3.Nf3 Nf6 4.e3 Bf5 5.Nc3 e6 6.Bd3 Bg6 7.O-O Nbd7 8.Qc2 dxc4
9.Bxg6 hxg6 10.e4 Be7 11.a4 a5 12.Qe2 Bb4  1/2-1/2

[Event "FIDE World Blitz 2013"]
[Site "Khanty-Mansiysk RUS"]
[Date "2013.06.09"]
[Round "11.2"]
[White "Le Quang Liem"]
[Black "Ponomariov,R"]
[Result "1/2-1/2"]
[WhiteElo "2712"]
[BlackElo "2743"]

1.Nf3 d5 2.d4 Nf6 3.c4 dxc4 4.e3 e6 5.Bxc4 a6 6.O-O c5 7.Bb3 cxd4 8.exd4 Nc6
9.Nc3 Be7 10.Re1 O-O 11.Bg5 b5 12.Qd2 Na5 13.Bc2 Bb7 14.Ne5 Rc8 15.Rad1 Nc4
16.Nxc4 Rxc4 17.Qd3 g6 18.a4 Nd5 19.Bxe7 Nxe7 20.axb5 axb5 21.Bb1 Nc6 22.Nxb5 Rb4
23.d5 exd5 24.Nc3 d4 25.Ne4 Rxb2 26.Nc5 Ba8 27.Qa3 Rb8 28.Be4 Qd6 29.Rc1 Ne7
30.Qg3 Qxg3 31.hxg3 Bxe4 32.Rxe4 Nd5 33.Rxd4 Nf6 34.Nd7  1/2-1/2

[Event "FIDE World Blitz 2013"]
[Site "Khanty-Mansiysk RUS"]
[Date "2013.06.09"]
[Round "12.2"]
[White "Ponomariov,R"]
[Black "Le Quang Liem"]
[Result "1/2-1/2"]
[WhiteElo "2743"]
[BlackElo "2712"]

1.c4 Nf6 2.Nc3 c5 3.g3 Nc6 4.Bg2 g6 5.Nf3 d6 6.d4 cxd4 7.Nxd4 Bd7 8.Nxc6 Bxc6
9.e4 Bg7 10.O-O O-O 11.Be3 Nd7 12.Rc1 a5 13.b3 Nc5 14.Nd5 Rb8 15.Bg5 Re8
16.Re1 h6 17.Bf4 Ne6 18.Be3 b5 19.cxb5 Bxb5 20.Qd2 Kh7 21.Rc2 Nc5 22.Bxc5 dxc5
23.e5 e6 24.Nf6+ Bxf6 25.exf6 Qxd2 26.Rxd2 c4 27.bxc4 Bxc4 28.h4 Red8 29.Rc2 Rd4
30.Rec1 Bd5 31.Rc7 Rf8 32.Bxd5 Rxd5 33.R1c5 Rxc5 34.Rxc5 Ra8 35.a4 Ra6 36.Kg2 Ra8
37.Kf3 Kg8 38.Ke4 Kf8 39.g4 Ke8 40.Rb5 Ra7 41.f4 Kd7 42.h5 gxh5 43.Rxh5 Kd6
44.Kf3 Rc7 45.Rxa5 Rc3+ 46.Ke4 Rc4+ 47.Ke3 Rc3+ 48.Kd4 Rg3 49.Ra6+ Kd7 50.Ra7+ Kd6
51.Ra6+ Kd7 52.Ke5 Re3+ 53.Kd4 Rg3 54.Kc5 Rc3+ 55.Kb5 Rb3+ 56.Kc5 Rc3+ 57.Kd4  1/2-1/2

[Event "FIDE World Blitz 2013"]
[Site "Khanty-Mansiysk RUS"]
[Date "2013.06.09"]
[Round "16.1"]
[White "Nepomniachtchi,I"]
[Black "Le Quang Liem"]
[Result "1/2-1/2"]
[WhiteElo "2717"]
[BlackElo "2712"]

1.e4 c5 2.Nf3 d6 3.d4 cxd4 4.Qxd4 Nc6 5.Bb5 Bd7 6.Qd3 Nb4 7.Bxd7+ Qxd7 8.Qb3 Nc6
9.O-O Nf6 10.Re1 g6 11.Nc3 Bg7 12.Bg5 O-O 13.Rad1 Ng4 14.h3 Nge5 15.Nxe5 Bxe5
16.Nd5 Bg7 17.c4 h6 18.Bd2 Rac8 19.Qg3 Kh7 20.b3 e6 21.Nf4 Qe7 22.Bc3 Ne5
23.Qe3 Rfd8 24.Ne2 a6 25.f4 Nc6 26.Bxg7 Kxg7 27.Nc3 Kh7 28.Rd2 Rd7 29.Red1 Rcd8
30.Na4 b5 31.cxb5 axb5 32.Nc3 b4 33.Na4 d5 34.exd5 Rxd5 35.Rxd5 Rxd5 36.Rxd5 exd5
37.Qxe7 Nxe7 38.Kf2 Kg7 39.Nc5 Kf6 40.g4 g5 41.Nd3 Nc6 42.Ke3 Ke6 43.Nc5+ Kd6
44.Nd3 Ke6 45.Nc5+ Kd6 46.Nb7+ Kc7 47.Nc5 Kd6 48.Nd3 Ke6 49.Ne1 Kd6 50.Nf3 f6
51.h4 gxf4+ 52.Kxf4 Ke6 53.h5 Kd6 54.Nh4 Ne7 55.Nf3 Ke6 56.Nd4+ Kd6 57.Nc2 Kc5
58.a3 bxa3 59.Nxa3 Kb4 60.Nc2+ Kxb3 61.Nd4+ Kc4 62.Ke3 Kc3 63.Ne2+ Kc4 64.Nd4 Kc5
65.Ne6+ Kd6 66.Nd4 f5 67.gxf5 Ke5 68.f6 Kxf6 69.Kf4 Nc8 70.Nf5 Ne7 71.Nxh6 d4
72.Ng4+ Kg7 73.Ke4 Ng8 74.Kxd4 Nf6 75.h6+ Kg6 76.h7 Kxh7 77.Nxf6+  1/2-1/2

[Event "FIDE World Blitz 2013"]
[Site "Khanty-Mansiysk RUS"]
[Date "2013.06.10"]
[Round "17.2"]
[White "Cheparinov,I"]
[Black "Le Quang Liem"]
[Result "1/2-1/2"]
[WhiteElo "2678"]
[BlackElo "2712"]

1.d4 d5 2.c4 c6 3.Nf3 Nf6 4.Nc3 dxc4 5.a4 Bf5 6.e3 e6 7.Bxc4 Bb4 8.O-O Nbd7
9.Nh4 Bg6 10.Nxg6 hxg6 11.h3 O-O 12.Qc2 a5 13.Rd1 Qe7 14.e4 e5 15.d5 Rac8
16.Bg5 Nb6 17.Bb3 Rfd8 18.Rac1 cxd5 19.Nxd5 Qe8 20.Qe2 Nbxd5 21.exd5 Rxc1
22.Rxc1 Bd6 23.Qe1 Bb4 24.Qe2 e4 25.Rc4 e3 26.Qxe3 Nxd5 27.Qxe8+ Rxe8 28.Rd4 Nf6
29.g3 Bc5 30.Rc4 Ne4 31.Bf4 Bxf2+ 32.Kg2 Bb6 33.Kf3 Nc5 34.Bc2 Ne6 35.Kg2 Nd4
36.Bd3 Ne6 37.Bc1 Rd8 38.Be4 Nc5 39.Bf3 Rd3 40.Bf4 Rb3 41.Be5 Kh7 42.Rh4+ Kg8
43.Rc4 Rb4 44.Rxb4 axb4 45.Bd6 Nxa4 46.Bxb4 Bc5 47.b3 Bxb4 48.bxa4 b6 49.h4 Kf8
50.Bd5 Ke7 51.Kf3 Bd6 52.Bc4 f5 53.Bb3 Kf6 54.Bc4 Bb4 55.Bb3 Be1 56.Bc4 g5
57.hxg5+ Kxg5 58.Be6 Kf6 59.Bc8 g5 60.g4 f4 61.Ke4  1/2-1/2

[Event "FIDE World Blitz 2013"]
[Site "Khanty-Mansiysk RUS"]
[Date "2013.06.10"]
[Round "18.2"]
[White "Le Quang Liem"]
[Black "Cheparinov,I"]
[Result "1-0"]
[WhiteElo "2712"]
[BlackElo "2678"]

1.d4 Nf6 2.c4 g6 3.g3 Bg7 4.Bg2 d5 5.cxd5 Nxd5 6.Nc3 Nb6 7.Nf3 Nc6 8.e3 O-O
9.O-O Re8 10.Re1 a5 11.h3 a4 12.Rb1 e5 13.d5 Nb4 14.e4 c6 15.a3 Na6 16.Bg5 f6
17.Be3 cxd5 18.Bxb6 Qxb6 19.Nxd5 Qa5 20.Nd2 b5 21.b4 axb3 22.Nxb3 Qd8 23.Bf1 Nc7
24.Nb6 Rb8 25.Nxc8 Qxd1 26.Rexd1 Rexc8 27.Nc5 Rd8 28.Rxd8+ Rxd8 29.Bxb5 Bf8
30.Nb7 Rd4 31.a4 Rxe4 32.a5 Nxb5 33.Rxb5 Ra4 34.Nd8 Bb4 35.Nc6 Bc3 36.Kg2 Ra2
37.Rb7 Be1 38.Kf1 Bxf2 39.Nb4 Rxa5 40.Kxf2 Rc5 41.Ke3 f5 42.Nd3 Rc3 43.Kd2 Ra3
44.Nxe5 Rxg3 45.h4 Rh3 46.Rb8+ Kg7 47.Rb7+ Kh6 48.Nf7+ Kh5 49.Ng5 Rxh4 50.Nf3 Ra4
51.Rxh7+ Kg4 52.Rh4+  1-0

[Event "FIDE World Blitz 2013"]
[Site "Khanty-Mansiysk RUS"]
[Date "2013.06.10"]
[Round "27.1"]
[White "Le Quang Liem"]
[Black "Andreikin,D"]
[Result "1-0"]
[WhiteElo "2712"]
[BlackElo "2713"]

1.Nf3 Nf6 2.c4 e6 3.g3 b6 4.Bg2 Bb7 5.O-O c5 6.Nc3 Be7 7.d4 cxd4 8.Qxd4 O-O
9.Bg5 h6 10.Bxf6 Bxf6 11.Qd3 Na6 12.Rfd1 Nc5 13.Qe3 Rc8 14.Rac1 Qe7 15.b3 Rfd8
16.Nd4 Bxg2 17.Kxg2 Bg5 18.f4 Bf6 19.Qf3 g6 20.Rd2 Bg7 21.Rcd1 f5 22.Ndb5 a6
23.Nd6 Rc6 24.b4 Bxc3 25.Qxc3 Ne4 26.Nxe4 fxe4 27.Rd4 d5 28.Qb3 Rcd6 29.cxd5 Kh7
30.Rxe4 Qb7 31.Qf3 exd5 32.Red4 Qe7 33.R1d3 Re6 34.Kf2 Re8 35.e3 Re4 36.a3 Qc7
37.Rxd5 R8e7 38.Qxe4 Qc2+ 39.Kf3 Rxe4 40.Kxe4 h5 41.Rd7+ Kh6 42.Rd6 Qxh2
43.f5 Qg2+ 44.Kd4 Kg5 45.fxg6 Qxg3 46.Kd5 Qf3+ 47.Kc4 b5+ 48.Kc5 h4 49.g7 Qf7
50.Rd7 Qe8 51.R3d5+ Kg4 52.R5d6 Kg5 53.Rd5+ Kh6 54.Rd4 Kg5 55.R7d5+ Kg6 56.Rg4+ Kf6
57.g8=Q Qxe3+ 58.Kc6 Qc3+ 59.Kb7  1-0

[Event "FIDE World Blitz 2013"]
[Site "Khanty-Mansiysk RUS"]
[Date "2013.06.10"]
[Round "28.1"]
[White "Andreikin,D"]
[Black "Le Quang Liem"]
[Result "1/2-1/2"]
[WhiteElo "2713"]
[BlackElo "2712"]

1.e4 c5 2.Nf3 d6 3.d4 cxd4 4.Qxd4 Nc6 5.Bb5 Bd7 6.Qd3 Nf6 7.Bg5 e6 8.Nc3 Be7
9.O-O-O a6 10.Bxc6 Bxc6 11.Nd4 Rc8 12.h4 b5 13.Kb1 Bb7 14.f3 O-O 15.g4 b4
16.Nce2 a5 17.Bxf6 Bxf6 18.g5 Be7 19.Rdg1 Qb6 20.h5 Ba6 21.Qd2 d5 22.g6 dxe4
23.h6 fxg6 24.hxg7 Rf7 25.Rxg6 hxg6 26.Rh8+ Kxg7 27.Qh6+ Kf6 28.Qf4+ Kg7
29.Qh6+ Kf6 30.Qf4+ Kg7 31.Qh6+  1/2-1/2

[Event "FIDE World Blitz 2013"]
[Site "Khanty-Mansiysk RUS"]
[Date "2013.06.10"]
[Round "30.1"]
[White "Le Quang Liem"]
[Black "Movsesian,S"]
[Result "1-0"]
[WhiteElo "2712"]
[BlackElo "2699"]

1.Nf3 d5 2.d4 Nf6 3.c4 c6 4.Qb3 e6 5.Bg5 Nbd7 6.e3 h6 7.Bh4 g5 8.Bg3 Ne4
9.Nc3 Qa5 10.Bd3 h5 11.h4 Nxg3 12.fxg3 g4 13.Ng5 Be7 14.cxd5 cxd5 15.O-O Bxg5
16.hxg5 Qb6 17.Nb5 O-O 18.Qa3 a6 19.Rac1 Qd8 20.Nc7 Rb8 21.g6 Nf6 22.Rf4 fxg6
23.Bxg6 Kg7 24.Bb1 Rf7 25.Rcf1 Qxc7 26.Qd3 Kf8 27.Rxf6 Rxf6 28.Rxf6+ Ke7
29.Rf7+  1-0